Normal view
MARC view
Entry Personal Name
001 - CONTROL NUMBER
- control field: 133
003 - CONTROL NUMBER IDENTIFIER
- control field: OSt
005 - DATE AND TIME OF LATEST TRANSACTION
- control field: 20110406144023.0
008 - FIXED-LENGTH DATA ELEMENTS
- fixed length control field: 110406|||a|||||| | ||| d
040 ## - CATALOGING SOURCE
- Original cataloging agency: OSt
- Transcribing agency: OSt
100 ## - HEADING--PERSONAL NAME
- Personal name: S. NAMASIVAYAM
670 ## - SOURCE DATA FOUND
- Source citation: Work cat.: (OSt): S. NAMASIVAYAM, THE DRAFTING OF LEGISLATION/, 1967
